[Event "Mogi das Cruzes Catropa Memorial"]
[Site "Mogi das Cruzes"]
[Date "2014.09.07"]
[Round "5"]
[White "Gazola, Vanessa Ramos"]
[Black "Leite, Eduardo de Souza"]
[Result "1-0"]
[WhiteElo "1972"]
[BlackElo "2079"]
[PlyCount "91"]
[EventDate "2014.09.05"]
[EventType "swiss"]
[EventRounds "6"]
[EventCountry "BRA"]
[SourceTitle "CBM 162 Extra"]
[Source "ChessBase"]
[SourceDate "2014.10.17"]
[SourceVersion "1"]
[SourceVersionDate "2014.10.17"]
[SourceQuality "1"]

1. d4 d5 2. c4 dxc4 3. Nf3 Nf6 4. e3 a6 5. Bxc4 b5 6. Bb3 e6 7. 0-0 c5 8. Qe2 c4 9. Bc2 Bb7 10. a4 Be7 11. axb5 axb5 12. Rxa8 Bxa8 13. b3 Bd5 14. e4 cxb3 15. Qxb5+ Bc6 16. Qxb3 Nxe4 17. Ne5 Bd5 18. Qb5+ Kf8 19. Qxb8 Qxb8 20. Nd7+ Ke8 21. Nxb8 Bd6 22. Na6 Ke7 23. Re1 Nf6 24. Nc5 Ra8 25. Nc3 Bc6 26. Bg5 h6 27. Bh4 Ra3 28. N3e4 Bc7 29. Nxf6 gxf6 30. Ne4 Bxe4 31. Bxe4 Bb6 32. d5 Ba5 33. Rd1 Ra4 34. f3 Bb6+ 35. Bf2 Bxf2+ 36. Kxf2 e5 37. d6+ Kd8 38. Bf5 Ra2+ 39. Kg3 Ra8 40. Rc1 e4 41. fxe4 h5 42. Kf4 h4 43. Rc7 h3 44. gxh3 Rb8 45. h4 Ke8 46. Rc8+ 1-0

[Event "Mogi das Cruzes op 09"]
[Site "Mogi das Cruzes"]
[Date "2013.09.27"]
[Round "3"]
[White "De Sousa, Matheus Mazim"]
[Black "Leite, Eduardo de Souza"]
[Result "1-0"]
[WhiteElo "1973"]
[BlackElo "2168"]
[PlyCount "61"]
[EventDate "2013.09.26"]
[EventType "swiss"]
[EventRounds "7"]
[EventCountry "BRA"]
[SourceTitle "CBM 156 Extra"]
[Source "ChessBase"]
[SourceDate "2013.10.22"]
[SourceVersion "1"]
[SourceVersionDate "2013.10.22"]
[SourceQuality "1"]

1. d4 Nf6 2. c4 e6 3. Nc3 Bb4 4. e3 0-0 5. Bd3 d5 6. Nge2 b6 7. 0-0 dxc4 8. Bxc4 Bb7 9. a3 Be7 10. Ng3 Nbd7 11. b4 a5 12. b5 c5 13. Bb2 Qc7 14. Ba2 Rfd8 15. Rc1 Ne5 16. Qe2 Ng6 17. dxc5 bxc5 18. Rc2 Nh4 19. f3 Bd6 20. Kf2 h5 21. Na4 Bxg3+ 22. hxg3 Nf5 23. Bxf6 Qxg3+ 24. Kg1 gxf6 25. Nxc5 Bd5 26. Bxd5 exd5 27. Qf2 Qe5 28. e4 Nd4 29. f4 Qd6 30. Qxd4 Rdc8 31. e5 1-0

[Event "Mogi das Cruzes op 09"]
[Site "Mogi das Cruzes"]
[Date "2013.09.27"]
[Round "2"]
[White "Leite, Eduardo de Souza"]
[Black "Matsuura, Everaldo"]
[Result "0-1"]
[WhiteElo "2168"]
[BlackElo "2488"]
[PlyCount "70"]
[EventDate "2013.09.26"]
[EventType "swiss"]
[EventRounds "7"]
[EventCountry "BRA"]
[SourceTitle "CBM 156 Extra"]
[Source "ChessBase"]
[SourceDate "2013.10.22"]
[SourceVersion "1"]
[SourceVersionDate "2013.10.22"]
[SourceQuality "1"]

1. e4 c6 2. d4 d5 3. Nd2 dxe4 4. Nxe4 Nd7 5. Bc4 Ngf6 6. Ng5 e6 7. Qe2 Nb6 8. Bd3 h6 9. N5f3 c5 10. Be3 Nbd5 11. dxc5 Nxe3 12. Qxe3 Qa5+ 13. c3 Qxc5 14. Nd4 a6 15. Ngf3 Bd6 16. 0-0 0-0 17. Qd2 b6 18. Nb3 Qc7 19. Rad1 Rd8 20. Qe2 Bb7 21. h3 e5 22. Bb1 Re8 23. Rfe1 e4 24. Nfd4 Re5 25. Nd2 b5 26. Nf1 Nd5 27. g3 Rae8 28. Kh2 f5 29. Qd2 f4 30. Ne2 Rh5 31. Ng1 Rg5 32. Bxe4 fxg3+ 33. Kh1 Rxe4 34. Qxg5 hxg5 35. Rxe4 Nf6 0-1

[Event "Barrinha op"]
[Site "Barrinha"]
[Date "2011.10.16"]
[Round "5.17"]
[White "Rodrigues, Joao Victor da Silv"]
[Black "Leite, Eduardo de Souza"]
[Result "0-1"]
[WhiteElo "1771"]
[BlackElo "2210"]
[PlyCount "110"]
[EventDate "2011.10.14"]
[EventType "swiss"]
[EventRounds "6"]
[EventCountry "BRA"]
[SourceTitle "EXT 2022"]
[Source "ChessBase"]
[SourceDate "2021.10.06"]
[SourceVersion "1"]
[SourceVersionDate "2021.10.06"]
[SourceQuality "1"]

1. d4 d5 2. Nf3 Nf6 3. g3 c5 4. Bg2 Nc6 5. 0-0 e6 6. c3 Be7 7. Nbd2 0-0 8. dxc5 Bxc5 9. Nb3 Be7 10. Bf4 Qb6 11. a4 a5 12. h3 Rd8 13. Qc2 Bd7 14. Rfd1 Rac8 15. Be3 Qc7 16. Qd3 e5 17. Qb1 b6 18. Bg5 Be6 19. Nc1 h6 20. Be3 Ne4 21. Na2 Bf5 22. Qc1 Bf6 23. Nd2 Nxd2 24. Qxd2 d4 25. cxd4 Nxd4 26. Bxd4 Rxd4 27. Qc3 Rxa4 28. Qxc7 Rxc7 29. Nc3 Rxa1 30. Rxa1 e4 31. Nd5 Bxb2 32. Rb1 Rc1+ 33. Rxc1 Bxc1 34. Ne7+ Kf8 35. Nxf5 e3 36. Nxe3 Bxe3 37. fxe3 a4 38. Bd5 b5 39. Kf1 Ke7 40. Ke1 f6 41. Kd2 Kd6 42. Bf7 b4 43. Be8 a3 44. Kc2 Ke5 45. Bg6 f5 46. g4 Ke4 47. h4 Kxe3 48. gxf5 Kxe2 49. h5 Ke3 50. Kb3 Kd4 51. Bf7 Kc5 52. Bc4 a2 53. Kxa2 Kxc4 54. Kb2 Kd4 55. f6 gxf6 0-1